Work place industrial relations and technical change

Salvato in:
Dettagli Bibliografici
Autore principale: Daniel, W. W.
Natura: Libro
Lingua:Undetermined
Pubblicazione: London Frances Pinter 1987
Soggetti:
Tags: Aggiungi Tag
Nessun Tag, puoi essere il primo ad aggiungerne! !
Thư viện lưu trữ: Trung tâm Học liệu Trường Đại học Cần Thơ
LEADER 00549nam a2200193Ia 4500
001 CTU_78180
008 210402s9999 xx 000 0 und d
082 |a 331 
082 |b D184 
100 |a Daniel, W. W. 
245 0 |a Work place industrial relations and technical change 
245 0 |c W. W. Daniel 
260 |a London 
260 |b Frances Pinter 
260 |c 1987 
650 |a Industrial relations 
650 |x Effect of technological innovation on 
650 |z Great Britain 
980 |a Trung tâm Học liệu Trường Đại học Cần Thơ